[Event "Santa Cruz de la Palma op"]
[Site "?"]
[Date "1995.??.??"]
[Round "?"]
[White "Rodriguez, Antonio"]
[Black "Calzetta Ruiz, Monica"]
[WhiteElo "2305"]
[BlackElo "2150"]
[Result "0-1"]

1. e4 c5 2. Nf3 Nf6 3. d3 Nc6 4. g3 d5 5. Nbd2 dxe4 6. dxe4 Bg4 7. h3 Bh5 8. Bg2 e6 9. O-O Be7 10. Re1 O-O 11. c3 Ne5 12. Qb3 c4 13. Qb5 Nd3 14. Re3 Rc8 15. b4 Qc7 16. Bf1 a6 17. Qa4 Rfd8 18. Kg2 Bg6 19. Qc2 b5 20. Nh4 Nd5 21. Rxd3 cxd3 22. Qb3 Nxc3 23. Nxg6 hxg6 24. Bb2 Ne2 25. Re1 Qc2 26. Nf3 Qxb3 27. axb3 Bxb4 28. Rd1 Rc2 29. Bxe2 Rxe2 30. Bc1 d2 

0-1

[Event "Santa Cruz de la Palma op"]
[Site "?"]
[Date "1995.??.??"]
[Round "?"]
[White "Calzetta Ruiz, Monica"]
[Black "Reyes, Juan"]
[WhiteElo "2150"]
[BlackElo "2430"]
[Result "1-0"]

1. e4 e5 2. Nf3 Nc6 3. Bb5 a6 4. Ba4 d6 5. Qe2 Bd7 6. c3 Nge7 7. d4 Ng6 8. h4 h5 9. d5 Nb8 10. Bxd7+ Nxd7 11. g3 Be7 12. Be3 Nf6 13. Nbd2 Qd7 14. a4 a5 15. Ng5 Ng4 16. Nc4 Nf8 17. Bd2 f6 18. Nh3 g6 19. f3 Nh6 20. Nf2 Nf7 21. Qd1 Bd8 22. Be3 Nh7 23. b4 axb4 24. cxb4 f5 25. a5 Nf6 26. Qd3 fxe4 27. Nxe4 Qf5 28. Ke2 Nxe4 29. Qxe4 Kd7 30. b5 Nh6 31. Bxh6 Rxh6 32. a6 bxa6 33. bxa6 Rh8 34. Rhb1 Be7 35. Rb7 Kd8 36. Qxf5 gxf5 37. a7 Bf6 38. Rab1 e4 39. Nxd6 Kd7 40. Nxf5 exf3+ 41. Kxf3 Rhf8 42. Rb8 Rc8 43. R1b7 Rf8 44. d6 Bd4 45. Rxc7+ Ke6 46. Ke4 Bxa7 47. Re7+ Kf6 48. Ng7 Kg6 49. Rb5 Be3 50. Kxe3 Ra3+ 51. Ke4 Ra4+ 52. Kd5 Rf3 53. Kc6 Ra6+ 54. Rb6 Rc3+ 55. Kb7 Rxb6+ 56. Kxb6 

1-0

[Event "Las Palmas op"]
[Site "?"]
[Date "1996.??.??"]
[Round "?"]
[White "Calzetta Ruiz, Monica"]
[Black "Sarmiento Alfonso, Braulio"]
[WhiteElo "2235"]
[BlackElo "2435"]
[Result "1-0"]

1. e4 g6 2. d4 Bg7 3. Nf3 d6 4. h3 Nf6 5. Nc3 c6 6. Be2 O-O 7. O-O Nbd7 8. a4 e5 9. dxe5 dxe5 10. Qd6 Re8 11. Bg5 Bf8 12. Qd2 a5 13. Bc4 Qe7 14. Rfe1 Bg7 15. Rad1 Qb4 16. b3 Nb6 17. Bf1 Nfd7 18. Qe3 f6 19. Bh4 Qf8 20. Nh2 g5 21. Bg3 Qc5 22. f3 Bf8 23. Bf2 Qxe3 24. Rxe3 Bc5 25. Red3 Bxf2+ 26. Kxf2 Nc5 27. Rd6 Kf7 28. Ng4 Bxg4 29. hxg4 Ne6 30. Bc4 Nxc4 31. bxc4 Red8 32. Rd7+ Ke8 33. Rxb7 Rxd1 34. Nxd1 Rd8 35. Ne3 Nd4 36. Rxh7 Ne6 37. Ra7 Nf4 38. Ke1 Rb8 39. Rxa5 Rb1+ 40. Kd2 Rg1 41. Ra7 Nxg2 42. Nxg2 Rxg2+ 43. Kc3 Rf2 44. a5 Kd8 45. a6 Kc8 46. Ra8+ Kc7 47. c5 Rxf3+ 48. Kb2 

1-0